00767nam a22001817a 4500008004100000020001800041050002500059100002300084245015000107250001200257260003300269300003300302500004100335650002600376942003700402999001700439952012900456230809b |||||||| |||| 00| 0 eng d a9789811630118 aLB 2806.15 .D36 2021 a Tröhler, Daniel aEuro-Asian encounters on 21st-century competency-based curriculum reforms :b cultural views on globalization and localization /cDaniel, Trohler a1st ed. aSingapore:bSpringer,c2021. aviii, 254p. ;bill. ;c18 cm aincludes bibliographical references. 2Comparative education 2lcccBOOKShLB 2806.15 .D36 2021 c31831d31831 00102lcc4070aMUCbMUCcGENd2023-08-09eUrban book centerl0oLB 2806.15 .D36 2021p39635r2023-08-09w2023-08-09yBOOKS